000 00345nam a2200133 i 4500
001 bg
245 0 _aAutomobile electronic equipment 1970-71 /
_ced. G.W.A Dummer, J. Mackenzie Robertson.
260 _aOxford,
_c1970.
040 _cBPK
041 _apol
080 _a629.113:621.38
942 _cKS
008 s pl f |000 0 pol
999 _c15745
_d15745
856 _uhttp://koha.tu.koszalin.pl/cgi-bin/koha/opac-detail.pl?biblionumber=15745
_yKatalog online BPK